<?xml version="1.0" encoding="UTF-8"?>
<record
    xmlns:xsi="http://www.w3.org/2001/XMLSchema-instance"
    xsi:schemaLocation="http://www.loc.gov/MARC21/slim http://www.loc.gov/standards/marcxml/schema/MARC21slim.xsd"
    xmlns="http://www.loc.gov/MARC21/slim">

  <leader>00396nam a2200169Ia 4500</leader>
  <controlfield tag="008">230516s9999    xx            000 0 und d</controlfield>
  <datafield tag="041" ind1=" " ind2=" ">
    <subfield code="a">eng</subfield>
  </datafield>
  <datafield tag="082" ind1=" " ind2=" ">
    <subfield code="a">616.07</subfield>
    <subfield code="b">NAG</subfield>
  </datafield>
  <datafield tag="100" ind1=" " ind2=" ">
    <subfield code="a">NAGAL </subfield>
  </datafield>
  <datafield tag="245" ind1=" " ind2=" ">
    <subfield code="a">TEXT BOOK OF PATHOLOGY</subfield>
  </datafield>
  <datafield tag="260" ind1=" " ind2=" ">
    <subfield code="b">C.B.S. PUBLISHERS &amp; DISTRUTORS </subfield>
    <subfield code="c">1998</subfield>
  </datafield>
  <datafield tag="300" ind1=" " ind2=" ">
    <subfield code="a">934</subfield>
  </datafield>
  <datafield tag="365" ind1=" " ind2=" ">
    <subfield code="h">20</subfield>
  </datafield>
  <datafield tag="500" ind1=" " ind2=" ">
    <subfield code="a">PB</subfield>
  </datafield>
  <datafield tag="520" ind1=" " ind2=" ">
    <subfield code="a">P &amp; T</subfield>
  </datafield>
  <datafield tag="650" ind1=" " ind2=" ">
    <subfield code="a">PHARMACOLOGY &amp; TOXICOLOGY</subfield>
  </datafield>
  <datafield tag="999" ind1=" " ind2=" ">
    <subfield code="c">363338</subfield>
    <subfield code="d">363338</subfield>
  </datafield>
  <datafield tag="952" ind1=" " ind2=" ">
    <subfield code="0">0</subfield>
    <subfield code="1">0</subfield>
    <subfield code="4">0</subfield>
    <subfield code="7">0</subfield>
    <subfield code="a">PCM</subfield>
    <subfield code="b">PCM</subfield>
    <subfield code="d">2023-05-16</subfield>
    <subfield code="e">NEW POPULAR BOOK </subfield>
    <subfield code="g">280.00</subfield>
    <subfield code="l">0</subfield>
    <subfield code="o">616.07 NAG</subfield>
    <subfield code="p">PCM-B-1085</subfield>
    <subfield code="r">2023-05-16 00:00:00</subfield>
    <subfield code="w">2023-05-16</subfield>
    <subfield code="y">BK</subfield>
  </datafield>
</record>
